<?xml version="1.0" encoding="UTF-8"?><?xml-stylesheet type="text/xsl" href="static/style.xsl"?><OAI-PMH xmlns="http://www.openarchives.org/OAI/2.0/" xmlns:xsi="http://www.w3.org/2001/XMLSchema-instance" xsi:schemaLocation="http://www.openarchives.org/OAI/2.0/ http://www.openarchives.org/OAI/2.0/OAI-PMH.xsd"><responseDate>2026-04-13T08:16:33Z</responseDate><request verb="GetRecord" identifier="oai:www.recercat.cat:10256/7423" metadataPrefix="marc">https://recercat.cat/oai/request</request><GetRecord><record><header><identifier>oai:recercat.cat:10256/7423</identifier><datestamp>2024-06-06T10:06:48Z</datestamp><setSpec>com_2072_452966</setSpec><setSpec>com_2072_2054</setSpec><setSpec>col_2072_452967</setSpec></header><metadata><record xmlns="http://www.loc.gov/MARC21/slim" xmlns:dcterms="http://purl.org/dc/terms/" xmlns:xsi="http://www.w3.org/2001/XMLSchema-instance" xmlns:doc="http://www.lyncode.com/xoai" xsi:schemaLocation="http://www.loc.gov/MARC21/slim http://www.loc.gov/standards/marcxml/schema/MARC21slim.xsd">
   <leader>00925njm 22002777a 4500</leader>
   <datafield ind2=" " ind1=" " tag="042">
      <subfield code="a">dc</subfield>
   </datafield>
   <datafield ind2=" " ind1=" " tag="720">
      <subfield code="a">Mayol Conde, Víctor</subfield>
      <subfield code="e">author</subfield>
   </datafield>
   <datafield ind2=" " ind1=" " tag="260">
      <subfield code="c">2012-06</subfield>
   </datafield>
   <datafield ind2=" " ind1=" " tag="520">
      <subfield code="a">Degut a l’augment del nombre de classes i d’alumnes en l’Àrea de Mecànica de Medis&#xd;
Continus i Teoria d’Estructures (MMCTE), s’ha fet necessari la reestructuració i ocupació de&#xd;
nous espais per la realització de les pràctiques de Resistència de materials.&#xd;
Per tal de realitzar les pràctiques al nou laboratori de Resistència de materials, cal&#xd;
redissenyar les pràctiques referents a Allargaments longitudinals en bigues sotmeses a&#xd;
compressió i tracció simple i la referent a la Deformada d’una biga biarticulada amb voladís.&#xd;
El disseny de les noves pràctiques ha de complir les condicions exigides pel client. A més,&#xd;
els muntatges de cada pràctica han d’anar muntats sobre un pòrtic adquirit recientment per&#xd;
l’Àrea de Mecànica de Medis Continus i Teoria d’Estructures (MMCTE) que actuaran de&#xd;
bancada. &#xd;
La pràctica relacionada amb Allargaments longitudinals en barres sotmeses a compressió i&#xd;
tracció simple consta d’un muntatge experimental (Muntatge 1) i un guió de pràctiques per&#xd;
l’alumnat i professorat docent La pràctica relacionada amb la Deformada d’una biga biarticulada amb voladís consta d’un&#xd;
muntatge experimental (Muntatge 2) i un guió de pràctiques per l’alumnat i professorat&#xd;
docent. Les dos pràctiques permeten comparar els valors obtinguts experimentalment de cada&#xd;
muntatge amb uns resultats teòrics i d’aquesta manera validar l’èxit de cada muntatge</subfield>
   </datafield>
   <datafield ind1="8" ind2=" " tag="024">
      <subfield code="a">http://hdl.handle.net/10256/7423</subfield>
   </datafield>
   <datafield tag="653" ind2=" " ind1=" ">
      <subfield code="a">Strength of materials -- Problems, exercices, etc.</subfield>
   </datafield>
   <datafield tag="653" ind2=" " ind1=" ">
      <subfield code="a">Resistència de materials -- Problemes, exercicis, etc.</subfield>
   </datafield>
   <datafield ind2="0" ind1="0" tag="245">
      <subfield code="a">Disseny d’un muntatge experimental per les practiques de Resistència de materials</subfield>
   </datafield>
</record></metadata></record></GetRecord></OAI-PMH>